|
|
|
|
| LEADER |
01856nam a2200445 4500 |
| 001 |
ocn919754511 |
| 003 |
OCoLC |
| 005 |
20180501122027.0 |
| 006 |
m o d |
| 007 |
cr cnu---unuuu |
| 008 |
150903s2015 enk o 001 0 eng d |
| 040 |
|
|
|a OPELS
|b eng
|e rda
|e pn
|c OPELS
|d N$T
|d YDXCP
|d OCLCF
|d DEBBG
|d GrThAP
|
| 019 |
|
|
|a 921216890
|
| 020 |
|
|
|a 9780128026793
|q electronic bk.
|
| 020 |
|
|
|a 0128026790
|q electronic bk.
|
| 020 |
|
|
|a 9780128025864
|
| 020 |
|
|
|a 0128025867
|
| 035 |
|
|
|a (OCoLC)919754511
|z (OCoLC)921216890
|
| 050 |
|
4 |
|a QL495
|
| 072 |
|
7 |
|a SCI
|x 070000
|2 bisacsh
|
| 082 |
0 |
4 |
|a 595.7
|2 23
|
| 049 |
|
|
|a TEFA
|
| 245 |
0 |
0 |
|a Advances in insect physiology.
|n Volume 49 /
|c edited by Russell Jurenka.
|
| 264 |
|
1 |
|a London, UK :
|b Academic Press is an imprint of Elsevier,
|c 2015.
|
| 300 |
|
|
|a 1 online resource.
|
| 336 |
|
|
|a text
|b txt
|2 rdacontent
|
| 337 |
|
|
|a computer
|b c
|2 rdamedia
|
| 338 |
|
|
|a online resource
|b cr
|2 rdacarrier
|
| 490 |
1 |
|
|a Advances in insect physiology ;
|v v. 49
|
| 520 |
|
|
|a Advances in Insect Physiology provides readers with the latest interdisciplinary reviews on the topic. It is an essential reference source for invertebrate physiologists, neurobiologists, entomologists, zoologists, and insect chemists.
|
| 500 |
|
|
|a Includes index.
|
| 588 |
0 |
|
|a Online resource; title from PDF title page (ScienceDirect, viewed September 3, 2015).
|
| 650 |
|
0 |
|a Insects
|x Physiology.
|
| 650 |
|
7 |
|a SCIENCE / Life Sciences / Zoology / General
|2 bisacsh
|
| 650 |
|
7 |
|a Insects
|x Physiology.
|2 fast
|0 (OCoLC)fst00974164
|
| 655 |
|
4 |
|a Electronic books.
|
| 700 |
1 |
|
|a Jurenka, Russell,
|e editor.
|
| 776 |
0 |
8 |
|c Original
|z 9780128025864
|z 0128025867
|w (OCoLC)909329671
|
| 830 |
|
0 |
|a Advances in insect physiology ;
|v v. 49.
|
| 856 |
4 |
0 |
|u https://www.sciencedirect.com/science/bookseries/00652806/49
|z Full Text via HEAL-Link
|